00444nam a2200169Ia 4500003000400000008004100004040001600045082001600061100002000077245006500097260003100162300001000193650001200203650001100215650001900226650002900245GCL140319s9999 xx 000 0 eng d aGCL / cGCL04a944.03bA G1 aASHLEY, MAURICE10aLE GRAND SIECLE: L'EUROPE DE 1598 A 1715 / cASHLEY, MAURICE a[S.N] : bFAYARD ، c1973 a240 P04aHISTORY04aFRANCE04aFRENCH HISTORY04aBOURBON PERIOD,1589-1789